<?xml version="1.0" encoding="UTF-8"?><?xml-stylesheet type="text/xsl" href="static/style.xsl"?><OAI-PMH xmlns="http://www.openarchives.org/OAI/2.0/" xmlns:xsi="http://www.w3.org/2001/XMLSchema-instance" xsi:schemaLocation="http://www.openarchives.org/OAI/2.0/ http://www.openarchives.org/OAI/2.0/OAI-PMH.xsd"><responseDate>2026-06-05T16:35:17Z</responseDate><request verb="GetRecord" identifier="oai:riuma.uma.es:10630/39359" metadataPrefix="marc">https://riuma.uma.es/rest/oai/request</request><GetRecord><record><header><identifier>oai:riuma.uma.es:10630/39359</identifier><datestamp>2026-02-03T11:01:01Z</datestamp><setSpec>com_10630_2254</setSpec><setSpec>col_10630_37953</setSpec></header><metadata><record xmlns="http://www.loc.gov/MARC21/slim" xmlns:dcterms="http://purl.org/dc/terms/" xmlns:doc="http://www.lyncode.com/xoai" xmlns:xsi="http://www.w3.org/2001/XMLSchema-instance" xsi:schemaLocation="http://www.loc.gov/MARC21/slim http://www.loc.gov/standards/marcxml/schema/MARC21slim.xsd">
   <leader>00925njm 22002777a 4500</leader>
   <datafield ind2=" " ind1=" " tag="042">
      <subfield code="a">dc</subfield>
   </datafield>
   <datafield ind2=" " ind1=" " tag="720">
      <subfield code="a">García-Magna, Débora</subfield>
      <subfield code="e">author</subfield>
   </datafield>
   <datafield ind2=" " ind1=" " tag="260">
      <subfield code="c">2020</subfield>
   </datafield>
   <datafield ind2=" " ind1=" " tag="520">
      <subfield code="a">The increase in the use of new technologies and their incorporation into everyday forms of communication has led to the appearance of new risks associated to the transfer of personal data and the publication of sensitive material on social networks. The concern for the protection of privacy in postmodern societies intensifies when the persons involved in this growing traffic of personal information are vulnerable people, such as minors, who also make a particularly intensive use of these new means of communication. After addressing in the first place the evolution of the right to privacy from a jurisprudential and supranational point of view, this research has questioned the decision of the Spanish legislator to criminalize sexting in 2015.</subfield>
   </datafield>
   <datafield ind1="8" ind2=" " tag="024">
      <subfield code="a">García Magna,. D. (2020) "The Protection of Privacy in the Spanish Criminal Code. A Critical Analysis of the Reform of 2015", en Estudios de Deusto: Revista de Derecho Público, ISSN 0423-4847, Vol. 68, Nº. 1, 2020. pp. 75-87</subfield>
   </datafield>
   <datafield ind1="8" ind2=" " tag="024">
      <subfield code="a">https://hdl.handle.net/10630/39359</subfield>
   </datafield>
   <datafield ind1="8" ind2=" " tag="024">
      <subfield code="a">10.18543/ed-68(1)-2020pp75-87</subfield>
   </datafield>
   <datafield tag="653" ind2=" " ind1=" ">
      <subfield code="a">Derecho penal - España</subfield>
   </datafield>
   <datafield tag="653" ind2=" " ind1=" ">
      <subfield code="a">Derecho a la intimidad</subfield>
   </datafield>
   <datafield ind2="0" ind1="0" tag="245">
      <subfield code="a">The Protection of Privacy in the Spanish Criminal Code. A Critical Analysis of the Reform of 2015.</subfield>
   </datafield>
</record>
</metadata></record></GetRecord></OAI-PMH>